000 01575naa a22004097a 4500
001 BR8200262
003 BR-BrBNA
005 20240918175109.0
007 ta
008 230509b bl.||||| |||| 00| 0 por d
040 _aBR-BrBNA
_bpor
_cBiblioteca Nacional de Agricultura
041 _a(Pt)
072 _aF30; H20
_b1440
_b4150
_b4120
_bG514
090 _aF30 BR8200262
100 1 _aMartins, O.R.G.
100 1 _aLima, J.A.A.
100 1 _aMartins, R.P.
100 1 _aPinheiro, M.S.B.
111 1 _a2. Seminario de Pesquisa Agropecuaria do Piaui
_cTeresina, PI (Brazil)
_d7 Oct 1980
245 1 _aFontes de resistencia a doencas de feijao macassar [Variedade resistente; Mosaico; Mancha vermelha; Piaui; Brasil]
_bEnsaio nacional
246 1 _a[Resistance sources to "Macassar" bean diseases [Resistant variety; Mosaic; Red spot; Piaui; Brazil]]
_b[National trial]
246 1 _a[Annals of the 2. Farm Research Seminar of Piaui]
260 3 _aTeresina, PI (Brasil):
_c1981.
500 _aAnais do 2. Seminario de Pesquisa Agropecuaria do Piaui Teresina, PI (Brasil): 1981. p. 91-98 (BR8200262-AM)F30
650 _aMelhoramento genetico vegetal
650 _aDoenca de planta
650 _aFeijao de corda
650 _aMosaico
650 _aMancha vermelha
650 _aVariedade resistente
650 _aVirus
650 _aFungo
650 _aPiaui
773 0 _tAnais do 2. Seminario de Pesquisa Agropecuaria do Piaui
_wF30 BR8200262
_gTeresina, PI (Brasil), 1981. p. 91-98
909 _a202404
_bLucia
_c55
_dLucia Elande
942 _cAM
_2AGRIS
999 _c315004
_d315004